Statistics for NBA and NHL Shared Arenas

Click here to take the quiz!

General Stats

  • This quiz has been taken 25 times
  • The average score is 9 of 11

Answer Stats

City Stadium % Correct
Los AngelesStaples Center
95%
New YorkMadison Square Garden
95%
BostonTD Garden
86%
PhiladelphiaWells Fargo Center
86%
BrooklynBarclays Center
86%
DallasAmerican Airlines Center
82%
ChicagoUnited Center
77%
TorontoScotiabank Arena
73%
DenverPepsi Center
68%
Washington D.C.Capital One Arena
64%
DetroitLittle Caesars Arena
64%

Score Distribution

Percentile by Number Answered

Percent of People with Each Score

Your Score History

You have not taken this quiz